A Practical Approach to Motor Vehicle Engineering and Maintenance (Record no. 188140)

MARC details
000 -LEADER
fixed length control field 00515nam a2200193Ia 4500
008 - FIXED-LENGTH DATA ELEMENTS--GENERAL INFORMATION
fixed length control field 240823s9999||||xx |||||||||||||| ||und||
082 ## - DEWEY DECIMAL CLASSIFICATION NUMBER
-- 629.2254 P5
100 ## - MAIN ENTRY--PERSONAL NAME
Personal name "Bonnick, Allan"
245 #2 - TITLE STATEMENT
Title A Practical Approach to Motor Vehicle Engineering and Maintenance
250 ## - EDITION STATEMENT
Edition statement II nd
260 ## - PUBLICATION, DISTRIBUTION, ETC. (IMPRINT)
Date of publication, distribution, etc 2005
Name of publisher, distributor, etc Els
Place of publication, distribution, etc Japan
500 ## - GENERAL NOTE
General note TRANSFERED
650 ## - SUBJECT ADDED ENTRY--TOPICAL TERM
Topical term or geographic name as entry element Motor Vehicle
700 ## - ADDED ENTRY--PERSONAL NAME
Personal name " Newbold, Derek"
942 ## - ADDED ENTRY ELEMENTS (KOHA)
Item type Books
Holdings
Withdrawn status Lost status Damaged status Permanent location Current location Shelving location Date acquired Source of acquisition Cost, normal purchase price Full call number Barcode Date last seen Koha item type
      CENTRAL LIBRARY, NOORUL ISLAM CENTRE FOR HIGHER EDUCATION CENTRAL LIBRARY, NOORUL ISLAM CENTRE FOR HIGHER EDUCATION   10/10/2011 DELNET 1860.00 629.2254 P5 40590 08/23/2024 Books
Visitors:
Copyright © 2024 Central Library NICHE.  All rights reserved.